000
00325nam a2200109Ia 4500
008
200302s9999 xx 000 0 und d
100
_a
Aurora fernamdez per
245
_a
Next collective housing in progress density intensity uses location types details
260
_b
A+T Architecture Publisher
260
_c
2010
300
_a
335
999
_c
6509
_d
6509